000 00341nam a2200133Ia 4500
008 151213s9999 xx 000 0 und d
100 _aElizabeth Salizby
245 _aDistance Share
_cElizabeth Salizby
260 _aNew Yeork
_bMc Graw Hill
_c1989
300 _a1968 p.
650 _aReference
700 _aElizabeth Salizby
999 _c1437
_d1437